[Event "FIDE World Bl Team Pool B"]
[Site "London ENG"]
[Date "2025.06.14"]
[Round "8.2"]
[White "Steinberg, Nitzan"]
[Black "Mhango, Banele"]
[Result "1-0"]
[WhiteTitle "GM"]
[BlackTitle "FM"]
[WhiteElo "2554"]
[BlackElo "2236"]
[WhiteTeam "Rishon LeZion Chess Club"]
[BlackTeam "Mother Continent"]
[WhiteFideId "2801795"]
[BlackFideId "14327040"]
[EventDate "2025.06.14"]
[EventType "team"]

1. e4 c5 2. Nf3 d6 3. d4 cxd4 4. Nxd4 Nf6 5. Nc3 a6 6. h4 e5 7. Nb3 Qc7 8. a4
Be6 9. Be2 Nc6 10. Be3 Nb4 11. Bf3 h5 12. a5 Be7 13. Ra4 Nc6 14. Nd5 Bxd5 15.
exd5 Nb8 16. O-O Nbd7 17. Qe2 Rc8 18. Rc1 O-O 19. g3 g6 20. c3 Rfe8 21. Nd2 Bf8
22. b4 e4 23. Bg2 Nxd5 24. Bd4 Bg7 25. Bxg7 Kxg7 26. Nxe4 N5f6 27. Qd3 Nxe4 28.
Bxe4 Nf6 29. Bf3 Rcd8 30. c4 Re5 31. Raa1 g5 32. hxg5 Rxg5 33. Qd4 Re8 34. Re1
Ree5 35. Rad1 Qe7 36. Kf1 Rgf5 37. Rxe5 dxe5 38. Qe3 e4 39. Be2 Qxb4 40. Qb6 Qc3
41. Qd4 Qxg3 42. Ke1 Qg1+ 43. Kd2 Qg5+ 44. Qe3 Qg6 45. Kc2 Rxa5 46. Rb1 b5 47.
c5 Ra2+ 48. Rb2 Ra4 49. c6 Nd5 50. Qc5 Nb4+ 51. Rxb4 e3+ 52. Bd3 Ra2+ 53. Kb1
Qxd3+ 54. Kxa2 e2 55. Qe5+ f6 56. Qe7+ Kg6 57. Qe4+ Qxe4 58. Rxe4 1-0

[Event "FIDE World Bl Team Pool B"]
[Site "London ENG"]
[Date "2025.06.14"]
[Round "8.3"]
[White "George Samir, David"]
[Black "Sokolovsky, Yahli"]
[Result "0-1"]
[WhiteTitle "FM"]
[BlackTitle "GM"]
[WhiteElo "2356"]
[BlackElo "2542"]
[WhiteTeam "Mother Continent"]
[BlackTeam "Rishon LeZion Chess Club"]
[WhiteFideId "10657789"]
[BlackFideId "2820242"]
[EventDate "2025.06.14"]
[EventType "team"]

1. e4 e5 2. Nf3 Nc6 3. Bb5 a6 4. Ba4 Nf6 5. O-O Be7 6. Re1 b5 7. Bb3 d6 8. c3
O-O 9. h3 Nb8 10. d4 Nbd7 11. c4 c6 12. c5 Qc7 13. cxd6 Bxd6 14. Nc3 exd4 15.
Nxd4 Nc5 16. Bc2 b4 17. Na4 Rd8 18. Qe2 Nxa4 19. e5 Re8 20. Bxa4 Bxe5 21. Qd2
Bb7 22. Nf3 Rad8 23. Qc2 Bh2+ 24. Kh1 Rxe1+ 25. Nxe1 c5 26. Be3 Bd6 27. Nd3 c4
28. Ne1 Be4 29. Qc1 Be5 30. Rb1 Bxb1 31. Qxb1 Qd6 32. Nf3 Bf4 33. Qe1 Bxe3 34.
Qxe3 Nd5 35. Qa7 h6 36. Bc2 Qb6 37. Qxb6 Nxb6 38. Kg1 c3 39. bxc3 bxc3 40. Kf1
Nc4 41. Ke1 Na3 42. Bf5 c2 43. Bxc2 Nxc2+ 44. Ke2 Nd4+ 45. Ke3 Nxf3 46. gxf3 Rd5
47. Ke4 Ra5 48. f4 Rxa2 49. f3 Rh2 0-1

[Event "FIDE World Bl Team Pool B"]
[Site "London ENG"]
[Date "2025.06.14"]
[Round "8.4"]
[White "Bronstein, Or"]
[Black "Wanyama, Harold"]
[Result "1-0"]
[WhiteTitle "IM"]
[BlackTitle "FM"]
[WhiteElo "2443"]
[BlackElo "2143"]
[WhiteTeam "Rishon LeZion Chess Club"]
[BlackTeam "Mother Continent"]
[WhiteFideId "2815770"]
[BlackFideId "10000380"]
[EventDate "2025.06.14"]
[EventType "team"]

1. d4 d5 2. c4 e6 3. Nf3 Nf6 4. g3 dxc4 5. Bg2 Nc6 6. Qa4 Bb4+ 7. Bd2 Nd5 8. Qc2
Nb6 9. Bc3 O-O 10. Nbd2 Rb8 11. O-O a6 12. Bxb4 Nxb4 13. Qc3 N4d5 14. Qc1 c3 15.
bxc3 c5 16. c4 Nf6 17. dxc5 Nbd7 18. Nb3 Qc7 19. Qe3 e5 20. h3 Re8 21. Rfd1 a5
22. a4 Nf8 23. Ng5 h6 24. Ne4 Nxe4 25. Bxe4 Bxh3 26. Qc3 Ra8 27. Rd6 Nd7 28. Qe3
Rec8 29. Rd5 Be6 30. Rc1 Bxd5 31. cxd5 Rab8 32. d6 Qd8 33. Bf5 Rc6 34. Rc4 b6
35. Qe4 Rbc8 36. Qg4 Nf6 37. Qf3 Rxc5 38. Nxc5 Rxc5 39. Rxc5 bxc5 40. Qc6 g6 41.
Qc7 Qf8 42. d7 Nxd7 43. Bxd7 Qe7 44. Qc6 c4 45. e3 c3 46. Kg2 Qb4 47. Be8 1-0

[Event "FIDE World Bl Team Pool B"]
[Site "London ENG"]
[Date "2025.06.14"]
[Round "8.5"]
[White "QUICKPEN, Deborah Ebimobo-ere"]
[Black "Lahav, Michal"]
[Result "1/2-1/2"]
[WhiteTitle "WCM"]
[BlackTitle "WIM"]
[WhiteElo "2081"]
[BlackElo "2143"]
[WhiteTeam "Mother Continent"]
[BlackTeam "Rishon LeZion Chess Club"]
[WhiteFideId "8511616"]
[BlackFideId "2813742"]
[EventDate "2025.06.14"]
[EventType "team"]

1. e4 e6 2. d4 d5 3. Bd3 c5 4. c3 cxd4 5. cxd4 dxe4 6. Bxe4 Nf6 7. Nc3 Nxe4 8.
Nxe4 Nc6 9. Nf3 Be7 10. O-O O-O 11. Be3 b6 12. Rc1 Bb7 13. Nc3 Rc8 14. a3 Na5
15. Ne5 Nc4 16. Nxc4 Rxc4 17. Qb3 Rc8 18. Rfd1 Bg5 19. Ne2 Bf6 20. Rxc8 Qxc8 21.
Nf4 Rd8 22. Ne2 Qc6 23. f3 h6 24. Nc3 Kh8 25. Ne4 Be7 26. Rc1 Qd7 27. Nc3 Bf6
28. Rd1 Be7 29. Kf2 Bh4+ 30. g3 Bf6 31. Qc2 Qc6 32. Qe2 Kg8 33. Ne4 Be7 34. Rc1
Qd5 35. Qc4 Qxc4 36. Rxc4 Rc8 37. Rxc8+ Bxc8 38. Nc3 Bb7 39. Nb5 a6 40. Nc3 b5
41. Ne4 Kf8 42. Nc5 Bxc5 43. dxc5 Bd5 44. Bd4 g6 45. f4 Ke8 46. Bg7 h5 47. Ke3
Kd7 48. Kd4 Kc6 49. b4 Bc4 50. Ke5 Kd7 51. Kf6 Ke8 52. c6 Bd5 53. c7 Bb7 54. Bh6
Bc8 55. Bg5 Bb7 56. Ke5 Kd7 57. Bd8 Bc8 58. h4 Bb7 59. Kd4 Kc6 60. Ke5 Kd7 61.
Kf6 1/2-1/2

[Event "FIDE World Bl Team Pool B"]
[Site "London ENG"]
[Date "2025.06.14"]
[Round "8.6"]
[White "Lapushnian, Eran"]
[Black "Amoako Philip Selikem Yao"]
[Result "0-1"]
[WhiteElo "1993"]
[BlackElo "1948"]
[WhiteTeam "Rishon LeZion Chess Club"]
[BlackTeam "Mother Continent"]
[WhiteFideId "2811952"]
[BlackFideId "12602256"]
[EventDate "2025.06.14"]
[EventType "team"]

1. e4 c6 2. d4 d5 3. e5 c5 4. c3 Nc6 5. Nf3 Bg4 6. Bb5 e6 7. O-O a6 8. Be2 cxd4
9. cxd4 Qb6 10. Be3 Qxb2 11. Nbd2 Qb6 12. Rb1 Qc7 13. Qb3 Rb8 14. Rfc1 Nge7 15.
Bd3 Bf5 16. h3 Bxd3 17. Qxd3 Nf5 18. g4 Nxe3 19. Qxe3 Be7 20. Nf1 Qd7 21. Ng3
Na5 22. Nh5 Kf8 23. Qf4 Nc4 24. Ng5 Ba3 25. Rc3 h6 26. Nf6 gxf6 27. Qxf6 Rg8 28.
Nh7+ Ke8 29. Qxh6 Rg6 30. Qh4 Be7 31. Qh5 b5 32. Rd3 Kd8 33. Nf6 Bxf6 34. exf6
Kc7 35. Rc1 Rxf6 36. Qe5+ Kb7 37. Qxf6 a5 38. Rf3 Rf8 39. Qg7 Qe7 40. g5 Nd2 41.
Rf6 Ne4 42. Rf4 Nxg5 43. Qe5 Nxh3+ 44. Kf1 Nxf4 45. Qxf4 Rh8 46. Rb1 Rh1+ 47.
Ke2 Rxb1 48. Qd2 Qc7 49. Qxa5 0-1

[Event "FIDE World Bl Team Pool B"]
[Site "London ENG"]
[Date "2025.06.14"]
[Round "8.1"]
[White "Turner, Matthew J"]
[Black "Aronian, Levon"]
[Result "0-1"]
[WhiteTitle "GM"]
[BlackTitle "GM"]
[WhiteElo "2441"]
[BlackElo "2742"]
[WhiteTeam "Sassy Seniors"]
[BlackTeam "Hexamind Chess Team"]
[WhiteFideId "402893"]
[BlackFideId "13300474"]
[EventDate "2025.06.14"]
[EventType "team"]

1. d4 Nf6 2. Nf3 e6 3. Bg5 h6 4. Bh4 g5 5. Bg3 Ne4 6. Nbd2 Nxg3 7. hxg3 Bg7 8.
c3 d6 9. e3 Nd7 10. Bc4 a6 11. a4 b6 12. Qe2 Bb7 13. O-O g4 14. Ne1 h5 15. Nd3
Qg5 16. Nf4 h4 17. Bxe6 fxe6 18. Nxe6 Qg6 19. Nf4 Qh7 20. Qxg4 O-O-O 21. gxh4
Rdg8 22. Ng6 Bxd4 23. h5 Bf6 24. f3 Qxh5 25. Qxh5 Rxh5 26. Nf4 Rh6 27. Kf2 Bh4+
28. Ke2 Bg3 29. Nd3 Rh2 30. Rg1 Ne5 31. Nf1 Bxf3+ 32. Kd2 Rxg2+ 33. Rxg2 Bxg2
34. Nxg3 Rxg3 35. Nb4 a5 0-1

[Event "FIDE World Bl Team Pool B"]
[Site "London ENG"]
[Date "2025.06.14"]
[Round "8.2"]
[White "Murzin, Volodar"]
[Black "Dishman, Stephen"]
[Result "1-0"]
[WhiteTitle "GM"]
[BlackTitle "FM"]
[WhiteElo "2666"]
[BlackElo "2274"]
[WhiteTeam "Hexamind Chess Team"]
[BlackTeam "Sassy Seniors"]
[WhiteFideId "44155573"]
[BlackFideId "403024"]
[EventDate "2025.06.14"]
[EventType "team"]

1. d4 d5 2. Nf3 Nf6 3. Bf4 e6 4. e3 c5 5. Nbd2 Nc6 6. c3 Nh5 7. Bg5 f6 8. Bh4 g6
9. a3 cxd4 10. cxd4 Be7 11. Bd3 O-O 12. O-O Bd7 13. Rc1 Qb6 14. b4 a5 15. b5 Nd8
16. a4 Nf7 17. Nb3 Rfc8 18. Qd2 Bb4 19. Qb2 g5 20. Bg3 Nxg3 21. hxg3 g4 22. Nh2
f5 23. Rxc8+ Rxc8 24. Rc1 Rc7 25. Nf1 Nd6 26. Nc5 Ne4 27. Bxe4 dxe4 28. Nxd7
Rxd7 29. Rc8+ Rd8 30. Rc4 Qd6 31. Qc2 Rd7 32. Rc8+ Kg7 33. Qc4 Kf7 34. Rh8 Kg7
35. Qc8 Qe7 36. Qg8+ Kh6 37. Qb8 Rc7 38. Re8 Qd7 39. Rxe6+ Qxe6 40. Qxc7 Qb3 41.
Qb6+ Kg5 42. Qxb7 Be1 43. Qg7+ Kh5 44. Qxh7+ Kg5 45. Qg7+ Kh5 46. Qf6 1-0

[Event "FIDE World Bl Team Pool B"]
[Site "London ENG"]
[Date "2025.06.14"]
[Round "8.3"]
[White "Vujatovic, Rajko"]
[Black "Vidit, Santosh Gujrathi"]
[Result "0-1"]
[BlackTitle "GM"]
[WhiteElo "2222"]
[BlackElo "2720"]
[WhiteTeam "Sassy Seniors"]
[BlackTeam "Hexamind Chess Team"]
[WhiteFideId "403393"]
[BlackFideId "5029465"]
[EventDate "2025.06.14"]
[EventType "team"]

1. e4 c5 2. Nf3 d6 3. Bb5+ Nd7 4. c3 Nf6 5. Qe2 a6 6. Ba4 b5 7. Bc2 Bb7 8. d4 e6
9. O-O Be7 10. Bg5 Qc7 11. Bd3 h6 12. Bh4 O-O 13. Nbd2 Rfe8 14. Rfc1 Nh5 15.
Bxe7 Rxe7 16. Qe3 Rc8 17. Nf1 Nhf6 18. Ng3 Ree8 19. a4 bxa4 20. Rxa4 cxd4 21.
Nxd4 d5 22. Raa1 dxe4 23. Nxe4 Nd5 24. Qg3 Nf4 25. Re1 f5 26. Nd2 Bxg2 27. Nxe6
Rxe6 28. Rxe6 Nxe6 29. Kxg2 Nf4+ 30. Kg1 Nc5 31. Bf1 Rd8 32. Nc4 Ne4 33. Qh4 Kh7
34. Ne3 g5 0-1

[Event "FIDE World Bl Team Pool B"]
[Site "London ENG"]
[Date "2025.06.14"]
[Round "8.4"]
[White "Dominguez Perez, Leinier"]
[Black "Lishoy Gengis Paratazham, Dildarav"]
[Result "1-0"]
[WhiteTitle "GM"]
[WhiteElo "2738"]
[BlackElo "2084"]
[WhiteTeam "Hexamind Chess Team"]
[BlackTeam "Sassy Seniors"]
[WhiteFideId "3503240"]
[BlackFideId "491462"]
[EventDate "2025.06.14"]
[EventType "team"]

1. e4 d6 2. d4 Nf6 3. Nc3 e5 4. Nf3 Nbd7 5. Bc4 Be7 6. O-O O-O 7. a4 c6 8. Re1
Qc7 9. h3 b6 10. d5 cxd5 11. Nxd5 Qxc4 12. b3 Qa6 13. Nxe7+ Kh8 14. Qxd6 Qb7 15.
Nf5 Qb8 16. Bb2 Bb7 17. Nxe5 Nxe5 18. Bxe5 Qxd6 19. Nxd6 Bc6 20. Bxf6 gxf6 21.
Rad1 Kg8 22. Rd4 Rad8 23. Red1 Rd7 24. f3 Rfd8 25. Kf2 a6 26. c4 Kf8 27. Ke3 Ke7
28. Nf5+ Ke8 29. g4 Rxd4 30. Rxd4 Rxd4 31. Nxd4 Bd7 32. Kf4 Ke7 33. e5 fxe5+ 34.
Kxe5 f6+ 35. Kd5 h6 36. Nc6+ Ke8 37. Kd6 Bxc6 38. Kxc6 Ke7 39. Kxb6 Kd6 40. c5+
Ke5 41. c6 Kf4 42. c7 Kxf3 43. c8=Q Kg3 44. Kxa6 Kxh3 45. g5+ Kh4 46. gxf6 Kg3
47. Qf5 Kh4 48. Qg6 Kh3 49. f7 Kh2 50. f8=Q Kh3 51. Qfxh6# 1-0

[Event "FIDE World Bl Team Pool B"]
[Site "London ENG"]
[Date "2025.06.14"]
[Round "8.5"]
[White "Dishman, Matthew"]
[Black "Divya, Deshmukh"]
[Result "0-1"]
[BlackTitle "IM"]
[WhiteElo "1978"]
[BlackElo "2463"]
[WhiteTeam "Sassy Seniors"]
[BlackTeam "Hexamind Chess Team"]
[WhiteFideId "438642"]
[BlackFideId "35006916"]
[EventDate "2025.06.14"]
[EventType "team"]

1. e4 e6 2. d4 d5 3. Nc3 Nf6 4. e5 Nfd7 5. f4 c5 6. dxc5 Nc6 7. a3 Nxc5 8. Nf3
Be7 9. Be3 O-O 10. Nd4 Nd7 11. Be2 Nxd4 12. Bxd4 f5 13. O-O a6 14. Bf3 Nc5 15.
Qd2 Bd7 16. Rfd1 Bc6 17. Ne2 Rc8 18. Rac1 Qe8 19. Bf2 Ne4 20. Bxe4 fxe4 21. Be3
Qg6 22. Nd4 Bc5 23. g3 Rf7 24. Nxc6 Bxe3+ 25. Qxe3 bxc6 26. Rd4 Rcf8 27. Ra4
Rxf4 28. Rxa6 Rf3 29. Qe2 Qg5 30. Rxc6 Qxc1+ 0-1

[Event "FIDE World Bl Team Pool B"]
[Site "London ENG"]
[Date "2025.06.14"]
[Round "8.1"]
[White "O'Gorman, Tom"]
[Black "Madan, Augustin"]
[Result "1/2-1/2"]
[WhiteTitle "IM"]
[BlackTitle "IM"]
[WhiteElo "2379"]
[BlackElo "2259"]
[WhiteTeam "Oxbridge"]
[BlackTeam "Desert Penguins"]
[WhiteFideId "2508249"]
[BlackFideId "1210327"]
[EventDate "2025.06.14"]
[EventType "team"]

1. e4 e6 2. d4 d5 3. Nc3 Nf6 4. e5 Nfd7 5. Nce2 c5 6. c3 Nc6 7. a3 a5 8. h4 a4
9. Nf3 b5 10. Nf4 Qb6 11. Be3 cxd4 12. cxd4 b4 13. Bd3 Ba6 14. O-O Bxd3 15. Qxd3
Qa6 16. Rfc1 Qxd3 17. Nxd3 Na5 18. axb4 Nb3 19. Nc5 Nxc1 20. Bxc1 Nb6 21. Kf1 h6
22. Ke2 Be7 23. Kd3 O-O 24. Kc3 Rfb8 25. Be3 Ra7 26. h5 Rba8 27. Nd2 Kf8 28. Ra3
Ke8 29. f4 Kd8 1/2-1/2

[Event "FIDE World Bl Team Pool B"]
[Site "London ENG"]
[Date "2025.06.14"]
[Round "8.2"]
[White "Bansal, Rohan"]
[Black "Goh, Jinghan Cameron"]
[Result "0-1"]
[WhiteElo "2005"]
[BlackElo "2178"]
[WhiteTeam "Desert Penguins"]
[BlackTeam "Oxbridge"]
[WhiteFideId "425052"]
[BlackFideId "5804540"]
[EventDate "2025.06.14"]
[EventType "team"]

1. Nf3 Nf6 2. b3 g6 3. Bb2 Bg7 4. g3 c5 5. Bg2 Nc6 6. O-O O-O 7. d3 d6 8. Nbd2
Rb8 9. c4 e5 10. a3 a5 11. Bc3 h6 12. Qc2 Qe7 13. Rfb1 Bf5 14. Qb2 Nd4 15. Nf1
b5 16. Ne3 bxc4 17. Nxc4 Rxb3 18. Qd2 Rxc3 0-1

[Event "FIDE World Bl Team Pool B"]
[Site "London ENG"]
[Date "2025.06.14"]
[Round "8.3"]
[White "Ratnesan, Ranesh"]
[Black "Bharat Kumar, Balahari"]
[Result "1-0"]
[WhiteTitle "CM"]
[WhiteElo "2138"]
[BlackElo "2052"]
[WhiteTeam "Oxbridge"]
[BlackTeam "Desert Penguins"]
[WhiteFideId "439339"]
[BlackFideId "496464"]
[EventDate "2025.06.14"]
[EventType "team"]

1. d4 d5 2. c4 e6 3. Nc3 a6 4. Bf4 Nf6 5. e3 Be7 6. Nf3 O-O 7. h3 c5 8. dxc5
Bxc5 9. cxd5 exd5 10. Be2 Nc6 11. O-O Be6 12. Bg5 Be7 13. Rc1 h6 14. Bh4 Rc8 15.
a3 b5 16. b4 Qd7 17. Nd4 Rfd8 18. Nxc6 Rxc6 19. Qd4 g5 20. Bg3 Nh5 21. Bxh5 Bf5
22. Rfd1 Bf6 23. Be5 Rc4 24. Nxd5 Rxd4 25. Nxf6+ Kf8 26. Nxd7+ R4xd7 27. Rxd7
Rxd7 28. Bf3 Ke7 29. g4 Be6 30. Rc7 f6 31. Rxd7+ Bxd7 32. Bd4 Be6 33. Kf1 f5 34.
Ke2 fxg4 35. hxg4 Kf7 36. Kd3 Bc4+ 37. Ke4 Be6 38. Ke5 Bc8 39. Kd6 Kg6 40. Kc7
Be6 41. Kb7 Bc4 42. Kxa6 Bd3 43. Ka5 Bc4 44. a4 bxa4 45. Kxa4 Be6 46. b5 Bc8 47.
b6 1-0

[Event "FIDE World Bl Team Pool B"]
[Site "London ENG"]
[Date "2025.06.14"]
[Round "8.4"]
[White "Bansal, Saahil"]
[Black "Rushbrooke, Remy"]
[Result "0-1"]
[WhiteElo "1979"]
[BlackElo "2090"]
[WhiteTeam "Desert Penguins"]
[BlackTeam "Oxbridge"]
[WhiteFideId "438316"]
[BlackFideId "443590"]
[EventDate "2025.06.14"]
[EventType "team"]

1. d4 g6 2. c4 Bg7 3. Nc3 d6 4. e4 e5 5. d5 Ne7 6. Bd3 O-O 7. Be3 Nd7 8. Nge2 f5
9. f4 exf4 10. Nxf4 Ne5 11. O-O fxe4 12. Nxe4 Nf5 13. Bc1 Nxd3 14. Qxd3 Bd7 15.
Kh1 Qe7 16. Rb1 Rae8 17. Nc3 Ne3 18. Qxe3 Qxe3 19. Bxe3 Rxe3 20. Nb5 Bf5 21.
Rbe1 Rxe1 22. Rxe1 Rf7 23. Re8+ Bf8 24. g3 a6 25. Nd4 Bd7 26. Rd8 Bg4 27. Kg2 g5
28. Nfe6 h6 29. h3 Bd1 30. Nxf8 Rxf8 31. Rxf8+ Kxf8 32. Ne6+ Ke7 33. Nxc7 Be2
34. b3 Bd3 35. Ne6 b5 36. cxb5 axb5 37. Nd4 Be4+ 38. Kf2 Bxd5 39. Ke3 b4 40.
Nf5+ Kf6 41. Nxh6 Be6 42. Ng4+ Bxg4 43. hxg4 Ke5 44. Kd3 d5 45. Ke3 d4+ 46. Kd3
Kd5 47. Kd2 Ke4 48. Ke2 d3+ 49. Kd2 Kd4 50. Kd1 Kc3 51. Kc1 d2+ 52. Kd1 Kd3 0-1

[Event "FIDE World Bl Team Pool B"]
[Site "London ENG"]
[Date "2025.06.14"]
[Round "8.5"]
[White "Hng, Mei-Xian Eunice"]
[Black "Sedykh, Stakhey"]
[Result "1-0"]
[WhiteTitle "WFM"]
[WhiteElo "2066"]
[BlackElo "1756"]
[WhiteTeam "Oxbridge"]
[BlackTeam "Desert Penguins"]
[WhiteFideId "5806585"]
[BlackFideId "453064"]
[EventDate "2025.06.14"]
[EventType "team"]

1. e3 e5 2. c4 Nc6 3. a3 g6 4. b3 Bg7 5. Bb2 d6 6. d3 f5 7. Nd2 Nf6 8. Qc2 Be6
9. Ngf3 O-O 10. Be2 Qd7 11. Ng5 a6 12. O-O h6 13. Nxe6 Qxe6 14. Nf3 g5 15. d4
Qe7 16. dxe5 dxe5 17. Qxf5 e4 18. Nd4 Rad8 19. Ne6 Rd2 20. Nxf8 Qxf8 21. Bxf6
Bxf6 22. Qg6+ Bg7 23. Bg4 Ne5 24. Qe6+ Kh8 25. Rad1 Rxd1 26. Rxd1 Nd3 27. Bf5
Ne5 28. h3 b6 29. Rd5 a5 30. Rxe5 Bxe5 31. Qxe5+ Kg8 32. Be6+ Kh7 33. Qxc7+ Kg6
34. Qe5 Kh7 35. Bf5+ Kg8 36. g4 a4 37. b4 Qd8 38. Qe6+ Kf8 39. Qxh6+ Ke8 40.
Qh8+ Ke7 41. Qxd8+ Kxd8 42. Bxe4 Ke7 43. f4 gxf4 44. exf4 Kf6 45. g5+ Kg7 46. h4
Kh8 47. Kf2 Kg7 48. f5 Kf7 49. Kf3 Kg7 50. Kf4 Kh8 51. Ke5 Kg8 52. Bd5+ Kh8 53.
f6 b5 54. f7 Kg7 55. h5 bxc4 56. h6+ Kf8 57. Kf6 c3 58. g6 c2 59. g7# 1-0

[Event "FIDE World Bl Team Pool B"]
[Site "London ENG"]
[Date "2025.06.14"]
[Round "8.6"]
[White "Ding, Yihua"]
[Black "Nayberg, Simona"]
[Result "0-1"]
[WhiteElo "1536"]
[BlackElo "1819"]
[WhiteTeam "Desert Penguins"]
[BlackTeam "Oxbridge"]
[WhiteFideId "495999"]
[BlackFideId "2075180"]
[EventDate "2025.06.14"]
[EventType "team"]

1. d4 f5 2. c4 Nf6 3. g3 g6 4. Bg2 Bg7 5. Nc3 d6 6. e3 c6 7. Bd2 O-O 8. Nge2 e5
9. dxe5 dxe5 10. O-O Be6 11. b3 Nbd7 12. Qc2 Qc7 13. Rad1 Rad8 14. Rfe1 Nc5 15.
Bc1 e4 16. Nf4 Bf7 17. Ba3 b6 18. Bxc5 bxc5 19. Na4 g5 20. Ne2 Qe7 21. Rxd8 Rxd8
22. Rd1 Nd7 23. Bh3 Bg6 24. Qc1 Ne5 25. Rxd8+ Qxd8 26. Nxc5 Kf7 27. Kh1 Bh5 28.
Nc3 Bf3+ 29. Kg1 Nd3 30. Nxd3 exd3 31. Nd1 d2 32. Qa3 Bxd1 33. Qc5 Bc2 0-1

[Event "FIDE World Bl Team Pool B"]
[Site "London ENG"]
[Date "2025.06.14"]
[Round "9.1"]
[White "Rodshtein, Maxim"]
[Black "Anand, Viswanathan"]
[Result "0-1"]
[WhiteTitle "GM"]
[BlackTitle "GM"]
[WhiteElo "2645"]
[BlackElo "2743"]
[WhiteTeam "Rishon LeZion Chess Club"]
[BlackTeam "Freedom"]
[WhiteFideId "2806851"]
[BlackFideId "5000017"]
[EventDate "2025.06.14"]
[EventType "team"]

1. d4 Nf6 2. c4 e6 3. Nc3 Bb4 4. e3 O-O 5. Bd3 d5 6. cxd5 exd5 7. a3 Bd6 8. Qc2
c6 9. Nge2 Re8 10. Bd2 b6 11. O-O Ba6 12. f3 c5 13. Rad1 Bxd3 14. Qxd3 Nc6 15.
Kh1 cxd4 16. exd4 h6 17. Rfe1 Qd7 18. Nf4 Rxe1+ 19. Rxe1 Ne7 20. Nb5 Bb8 21. g4
a6 22. Nc3 Bc7 23. h3 b5 24. Ng2 Ng6 25. f4 Rd8 26. Qf3 Ba5 27. f5 Bxc3 28. Bxc3
Nf8 29. Ba5 Rc8 30. Nf4 N8h7 31. Bc3 Ng5 32. Qg2 Nge4 33. Re3 Qd6 34. Qf3 Ng5
35. Qf1 Nge4 36. Kg2 a5 37. Qf3 b4 38. axb4 axb4 39. Be1 Rc2+ 40. Re2 b3 41.
Qxb3 Rxe2+ 42. Nxe2 Qa6 43. Qc2 Qa1 44. Bg3 h5 45. Be5 hxg4 46. hxg4 Nxg4 47.
Qb3 Qe1 48. Qf3 Ngf2 49. Ng3 Nd1 50. Nxe4 dxe4 51. Qg3 Ne3+ 52. Kh3 Qh1+ 53. Qh2
Qf1+ 54. Kh4 Nxf5+ 55. Kh5 Qf3+ 0-1

[Event "FIDE World Bl Team Pool B"]
[Site "London ENG"]
[Date "2025.06.14"]
[Round "9.2"]
[White "Sevian, Samuel"]
[Black "Steinberg, Nitzan"]
[Result "1-0"]
[WhiteTitle "GM"]
[BlackTitle "GM"]
[WhiteElo "2687"]
[BlackElo "2554"]
[WhiteTeam "Freedom"]
[BlackTeam "Rishon LeZion Chess Club"]
[WhiteFideId "2040506"]
[BlackFideId "2801795"]
[EventDate "2025.06.14"]
[EventType "team"]

1. c4 c6 2. Nf3 d5 3. e3 Nf6 4. b3 e6 5. Bb2 Nbd7 6. Nc3 Bd6 7. d4 O-O 8. Qc2
Qe7 9. Be2 Re8 10. Rc1 a6 11. O-O e5 12. dxe5 Nxe5 13. cxd5 cxd5 14. Rfd1 Be6
15. h3 Rac8 16. Nd4 h6 17. Nf5 Bxf5 18. Qxf5 g6 19. Qb1 Qe6 20. Rd2 Bb8 21. Rcd1
Red8 22. Rd4 h5 23. Bf1 Nc6 24. Ne2 Nxd4 25. Nxd4 Qd6 26. Nf3 Ne4 27. Qd3 Qc5
28. Nd4 Qd6 29. f4 Re8 30. Be2 Nc5 31. Qd2 Qe7 32. Nc2 Ne4 33. Qd3 Ng3 34. Bf3
Nf5 35. Bxd5 Rxc2 36. Qxc2 Qxe3+ 37. Kh1 Qxf4 38. g3 Qxg3 39. Qg2 Qxg2+ 40. Bxg2
Ng3+ 41. Kg1 Ne2+ 42. Kf1 Ng3+ 43. Kg1 b5 44. Rd7 Ne4 45. Bxe4 Bf4 46. Bd5 Rf8
47. Ba3 Rc8 48. Rxf7 Be3+ 49. Kg2 Rc2+ 50. Kf3 1-0

[Event "FIDE World Bl Team Pool B"]
[Site "London ENG"]
[Date "2025.06.14"]
[Round "9.3"]
[White "Sokolovsky, Yahli"]
[Black "Sarana, Alexey"]
[Result "0-1"]
[WhiteTitle "GM"]
[BlackTitle "GM"]
[WhiteElo "2542"]
[BlackElo "2686"]
[WhiteTeam "Rishon LeZion Chess Club"]
[BlackTeam "Freedom"]
[WhiteFideId "2820242"]
[BlackFideId "24133795"]
[EventDate "2025.06.14"]
[EventType "team"]

1. e4 c5 2. Nf3 d6 3. d4 cxd4 4. Nxd4 Nf6 5. Nc3 a6 6. Bd3 g6 7. f3 Nc6 8. Be3
Nxd4 9. Bxd4 Bh6 10. Nd5 Nxd5 11. exd5 O-O 12. O-O e5 13. dxe6 Bxe6 14. a4 Qa5
15. Be4 d5 16. Bd3 Bg7 17. Be2 Qb4 18. Bxg7 Kxg7 19. c3 Qxb2 20. Qd4+ Kg8 21.
Bd3 Rac8 22. Rfc1 Rc7 23. Rab1 Qa3 24. Qb4 Qxb4 25. cxb4 Rfc8 26. Rxc7 Rxc7 27.
Kf2 d4 28. a5 Rc3 29. Be4 Bc4 30. Rd1 f5 31. Bxb7 Rc2+ 32. Kg3 d3 33. Bc6 Kf7
34. h4 Kf6 35. Kf4 Rxg2 36. Ra1 Rb2 37. Ke3 Rxb4 38. Kd2 Rb2+ 39. Kc3 Rc2+ 40.
Kd4 d2 41. Ba4 Rc1 0-1

[Event "FIDE World Bl Team Pool B"]
[Site "London ENG"]
[Date "2025.06.14"]
[Round "9.4"]
[White "Martirosyan, Haik M."]
[Black "Bronstein, Or"]
[Result "1-0"]
[WhiteTitle "GM"]
[BlackTitle "IM"]
[WhiteElo "2635"]
[BlackElo "2443"]
[WhiteTeam "Freedom"]
[BlackTeam "Rishon LeZion Chess Club"]
[WhiteFideId "13306553"]
[BlackFideId "2815770"]
[EventDate "2025.06.14"]
[EventType "team"]

1. d4 Nf6 2. c4 e6 3. Nf3 d5 4. Nc3 Bb4 5. Bg5 h6 6. Bxf6 Qxf6 7. e3 O-O 8. Rc1
Nc6 9. cxd5 exd5 10. Qb3 Qd6 11. a3 Bxc3+ 12. Qxc3 Re8 13. Be2 Bf5 14. O-O Re7
15. b4 a6 16. Qc5 Qd8 17. Nd2 Rd7 18. b5 axb5 19. Bxb5 Rd6 20. a4 Bd7 21. Nf3 b6
22. Qc3 Ra7 23. Ra1 Na5 24. Ne5 Bf5 25. Rfc1 h5 26. Ra3 Qg5 27. Qd2 h4 28. Rac3
Qe7 29. h3 f6 30. Nf3 g5 31. Nh2 Kg7 32. Ng4 Kg6 33. Qe2 Be4 34. f3 Bf5 35. Nf2
Be6 36. Bd3+ Kg7 37. e4 Bf7 38. Qe3 Nc4 39. Bxc4 dxc4 40. f4 c5 41. dxc5 bxc5
42. e5 Rd4 43. Ng4 f5 44. Nf6 gxf4 45. Qe1 Rxa4 46. Qxh4 Bg6 47. Qg5 Kf7 48. h4
Qxe5 49. Ng4 Qe7 50. Nh6+ Kf8 51. Qxg6 Qg7 52. Qxg7+ Kxg7 53. Nxf5+ 1-0